Socially responsible property investment (Record no. 79477)
[ view plain ]
| 000 -LEADER | |
|---|---|
| fixed length control field | 01076cab a22002295a 4500 |
| 001 - CONTROL NUMBER | |
| control field | L141372 |
| 008 - FIXED-LENGTH DATA ELEMENTS--GENERAL INFORMATION | |
| fixed length control field | 071119s2007 xxkad f s 000 0 eng d |
| 035 ## - SYSTEM CONTROL NUMBER | |
| System control number | (Sirsi) u141372 |
| 041 0# - LANGUAGE CODE | |
| Language code of text/sound track or separate title | eng |
| 100 1# - MAIN ENTRY--PERSONAL NAME | |
| Personal name | Ellison, Louise |
| 245 00 - TITLE STATEMENT | |
| Title | Socially responsible property investment |
| Remainder of title | quantifying the relationship between sustainability and investment property worth |
| 260 ## - PUBLICATION, DISTRIBUTION, ETC. | |
| Date of publication, distribution, etc. | 2007 |
| 490 #0 - SERIES STATEMENT | |
| Series statement | Journal of Property Research |
| Volume/sequential designation | 24(3) September 2007, 191-219(29) |
| 520 ## - SUMMARY, ETC. | |
| Summary, etc. | Explores a possible link between a property asset's sustainability and its investment value. Finds that sustainability is relevant to property investment and can be analysed in relation to the potential impact on standard investment appraisal variables. Provides two worked examples to show how this appraisal approach can be created. |
| 590 ## - LOCAL NOTE (RLIN) | |
| Local note | ka |
| 651 #4 - SUBJECT ADDED ENTRY--GEOGRAPHIC NAME | |
| Geographic name | International |
| 690 ## - LOCAL SUBJECT ADDED ENTRY--TOPICAL TERM (OCLC, RLIN) | |
| Topical term or geographic name as entry element | PROPERTY-PROPERTY APPRAISAL AND VALUATION |
| 690 ## - LOCAL SUBJECT ADDED ENTRY--TOPICAL TERM (OCLC, RLIN) | |
| Topical term or geographic name as entry element | ENVIRONMENTAL AND LAND CONSULTANCY-SUSTAINABILITY-SUSTAINABLE DEVELOPMENT |
| 700 1# - ADDED ENTRY--PERSONAL NAME | |
| Personal name | Sayce, Sarah |
| 700 1# - ADDED ENTRY--PERSONAL NAME | |
| Personal name | Smith, Judy |
| 942 ## - ADDED ENTRY ELEMENTS (KOHA) | |
| Suppress in OPAC | 0 |
| Withdrawn status | Lost status | Source of classification or shelving scheme | Damaged status | Not for loan | Home library | Current library | Shelving location | Date acquired | Total Checkouts | Full call number | Barcode | Date last seen | Copy number | Price effective from | Koha item type |
|---|---|---|---|---|---|---|---|---|---|---|---|---|---|---|---|
| Dewey Decimal Classification | London | London | Journal article | 19/11/2007 | L141372 | 141372-1001 | 06/08/2019 | 1 | 06/08/2019 | Journal article |